Cargando...

Churches of the crusader kingdom of Jerusalem: a corpus;vol.2

Detalles Bibliográficos
Autor principal: Pringle, Denys
Formato: Printed Book
Publicado: New Delhi Cambridge University Press 1998.
Materias:
LEADER 00565cam a2200181ua 4500
020 |a 0 521 39037 0 
082 |a 250  |b PRI/C.2 
100 0 |a Pringle, Denys 
245 1 0 |a Churches of the crusader kingdom of Jerusalem: a corpus;vol.2 
260 |a New Delhi  |b Cambridge University Press  |c 1998. 
300 |a xxiv,456p. 
500 |a Includes index. 
650 0 |a Jerusalem 
650 0 |a Christianity 
650 0 |a Religion 
942 |c BK 
999 |c 18102  |d 18102 
952 |0 0  |1 0  |4 0  |6 250_PRID_200000000000000  |7 0  |9 18899  |a KUCL  |b KUCL  |d 2014-05-23  |l 0  |o 250 PRI/D.2  |p 19639  |r 2017-03-09  |y BK